The Kipsigis, (Record no. 22639)
[ view plain ]
| 000 -LEADER | |
|---|---|
| fixed length control field | 00666cam a22002171 4500 |
| 001 - CONTROL NUMBER | |
| control field | 1234407 |
| 005 - DATE AND TIME OF LATEST TRANSACTION | |
| control field | 20190327164509.0 |
| 008 - FIXED-LENGTH DATA ELEMENTS--GENERAL INFORMATION | |
| fixed length control field | 710517s1961 ke 000 0 eng |
| 010 ## - LIBRARY OF CONGRESS CONTROL NUMBER | |
| LC control number | 68106854 |
| 040 ## - CATALOGING SOURCE | |
| Original cataloging agency | DLC |
| Transcribing agency | DLC |
| Modifying agency | DLC |
| 050 00 - LIBRARY OF CONGRESS CALL NUMBER | |
| Classification number | DT434 |
| Item number | .E24 1961 |
| 100 1# - MAIN ENTRY--PERSONAL NAME | |
| Personal name | Orchardson, Ian Q. |
| 245 04 - TITLE STATEMENT | |
| Title | The Kipsigis, |
| Statement of responsibility, etc | by Ian Q. Orchardson. |
| 250 ## - EDITION STATEMENT | |
| Edition statement | Abridged, edited, and partly re-written |
| Remainder of edition statement | by A. T. Matson. |
| 260 ## - PUBLICATION, DISTRIBUTION, ETC. (IMPRINT) | |
| Place of publication, distribution, etc | Nairobi, |
| Name of publisher, distributor, etc | East African Literature Bureau, |
| Date of publication, distribution, etc | 1961. |
| 300 ## - PHYSICAL DESCRIPTION | |
| Extent | 141 p. |
| Dimensions | 22 cm. |
| 650 #0 - SUBJECT ADDED ENTRY--TOPICAL TERM | |
| Topical term or geographic name as entry element | Kipsigis (African people) |
| 700 1# - ADDED ENTRY--PERSONAL NAME | |
| Personal name | Matson, A. T., |
| Relator term | ed. |
| 906 ## - LOCAL DATA ELEMENT F, LDF (RLIN) | |
| a | 7 |
| b | cbc |
| c | orignew |
| d | u |
| e | ncip |
| f | 19 |
| g | y-gencatlg |
| 942 ## - ADDED ENTRY ELEMENTS (KOHA) | |
| Source of classification or shelving scheme | Library of Congress Classification |
| Item type | Book |
| Withdrawn status | Lost status | Source of classification or shelving scheme | Damaged status | Not for loan | Collection code | Home library | Current library | Shelving location | Date acquired | Source of acquisition | Total Checkouts | Full call number | Barcode | Date last borrowed | Copy number | Price effective from | Koha item type |
|---|---|---|---|---|---|---|---|---|---|---|---|---|---|---|---|---|---|
| Library of Congress Classification | Not For Loan | Non-fiction | Bishop Okullu Memorial Library (Limuru Campus) | Bishop Okullu Memorial Library (Limuru Campus) | Special Collection | 21/06/2010 | purchase | 1 | SPE DT434 .E24 1961 | 019909 | 12/07/2010 | 1 | 21/06/2010 | Book |